|
|
|
|
| LEADER |
01082nam a2200229 i 4500 |
| 001 |
10110293 |
| 003 |
GR-PaULI |
| 005 |
20240419132326.0 |
| 008 |
210727s2020 gr g d gre d |
| 020 |
|
|
|a 9789603225874
|
| 040 |
|
|
|a GR-PaULI
|c GR-PaULI
|b gre
|e AACR2
|
| 082 |
0 |
4 |
|a 889.27
|2 23
|
| 100 |
1 |
|
|9 102364
|a Ποντίκας, Μάριος,
|d 1942-
|e συγγραφέας.
|
| 245 |
1 |
0 |
|a Εσωτερικαί ειδήσεις :
|b ένα <<σενάριο>> της ομότιτλης παράστασης στο Θέατρο Στοά /
|c Μάριος Ποντίκας.
|
| 260 |
|
|
|a Αθήνα :
|b Αιγόκερως,
|c 2020.
|
| 300 |
|
|
|a 119 σ. :
|b φωτ. ;
|c 21 εκ.
|
| 490 |
1 |
|
|a Σύγχρονο ελληνικό θέατρο / Αιγόκερως
|
| 830 |
|
0 |
|9 186851
|a Σύγχρονο ελληνικό θέατρο (Αιγόκερως)
|
| 942 |
|
|
|2 ddc
|c BK15
|
| 952 |
|
|
|0 0
|1 0
|2 ddc
|4 0
|6 889_270000000000000_ΠΟΝ
|7 0
|9 327275
|a THST
|b THST
|d 2021-07-27
|i 015767
|l 0
|o 889.27 ΠΟΝ
|p 025000275039
|r 2021-07-27 00:00:00
|t 1
|w 2021-07-27
|y BK15
|
| 998 |
|
|
|c ΜΑΝΙΑ
|d 2021-07
|
| 999 |
|
|
|c 183543
|d 183543
|